[Event "FRA-chT U20 Top"]
[Site "Bischwiller"]
[Date "2016.05.15"]
[Round "3"]
[White "Ariza, Thomas"]
[Black "Attard, Leopold"]
[Result "0-1"]
[WhiteElo "2150"]
[BlackElo "1979"]
[PlyCount "74"]
[EventDate "2016.05.14"]
[EventType "tourn"]
[EventRounds "11"]
[EventCountry "FRA"]
[SourceTitle "EXT 2019"]
[Source "ChessBase"]
[SourceDate "2018.10.10"]
[SourceVersion "1"]
[SourceVersionDate "2018.10.10"]
[SourceQuality "1"]

1. g3 d5 2. Bg2 c6 3. Nf3 Bg4 4. 0-0 Nd7 5. d3 e5 6. Nbd2 Bd6 7. e4 Ne7 8. Re1 0-0 9. exd5 cxd5 10. Nf1 f6 11. c3 a5 12. Qa4 Bh5 13. d4 e4 14. N3d2 Nb6 15. Qb5 Qc7 16. a4 Be8 17. Qb3 Kh8 18. c4 dxc4 19. Qd1 f5 20. f3 c3 21. Nb3 Bxa4 22. bxc3 Ned5 23. Rxa4 Nxa4 24. fxe4 Naxc3 25. Qh5 Nf6 26. Qxf5 Nfxe4 27. Qh5 Rae8 28. Ne3 a4 29. Nd2 Nf6 30. Qh4 Ne2+ 31. Rxe2 Qxc1+ 32. Ndf1 a3 33. Qg5 Ne4 34. Qg4 Nc3 35. Rc2 Rxf1+ 36. Bxf1 Qxe3+ 37. Rf2 Rf8 0-1

[Event "EU Union-ch U14"]
[Site "Kouty nad Desnou"]
[Date "2015.08.23"]
[Round "5"]
[White "Ariza, Thomas"]
[Black "Vilimova, Julie"]
[Result "1-0"]
[WhiteElo "2063"]
[BlackElo "1753"]
[PlyCount "121"]
[EventDate "2015.08.19"]
[EventType "swiss"]
[EventRounds "9"]
[EventCountry "CZE"]
[SourceTitle "EXT 2016"]
[Source "ChessBase"]
[SourceDate "2015.10.08"]
[SourceVersion "1"]
[SourceVersionDate "2015.10.08"]
[SourceQuality "1"]

1. g3 d5 2. Bg2 c6 3. Nf3 Bg4 4. 0-0 Nd7 5. d3 e6 6. Nbd2 Bd6 7. e4 Ne7 8. h3 Bh5 9. Qe2 Qc7 10. b3 0-0 11. Bb2 f6 12. Rfc1 e5 13. exd5 Nxd5 14. Ne4 Rfe8 15. c4 Nb4 16. a3 Na6 17. Qc2 Nac5 18. Nh4 Nxe4 19. Bxe4 h6 20. b4 c5 21. b5 Rad8 22. Nf5 Nf8 23. Ne3 Bf7 24. Qe2 Qd7 25. Kh2 Ne6 26. Qf1 Ng5 27. Bd5 Bxd5 28. Nxd5 b6 29. Rd1 Nf3+ 30. Kh1 Ng5 31. h4 Ne6 32. Bc1 Qf7 33. Qg2 Nc7 34. Ne3 Ne6 35. a4 Rd7 36. a5 Bc7 37. axb6 Bxb6 38. Nf5 Kf8 39. Bb2 Red8 40. Ra3 Qh5 41. Ne3 Qg6 42. Nd5 Nc7 43. Nxb6 axb6 44. Qc6 Qg4 45. Raa1 Qe6 46. Ra7 Qg4 47. Re1 Ne8 48. Rb7 Rxb7 49. Qxb7 Qe6 50. Qf3 Kg8 51. Ra1 Qd6 52. Ra8 Rxa8 53. Qxa8 Kf7 54. Qe4 Nc7 55. f4 exf4 56. gxf4 Ne6 57. f5 Nc7 58. Kg2 Ne8 59. Bc1 Qd8 60. Bf4 Qd6 61. Bxd6 1-0

[Event "Agneaux St Lo op 17th"]
[Site "Agneaux"]
[Date "2015.07.06"]
[Round "2"]
[White "Ariza, Thomas"]
[Black "Bogdanov, Egor"]
[Result "1/2-1/2"]
[WhiteElo "2012"]
[BlackElo "2323"]
[PlyCount "87"]
[EventDate "2015.07.03"]
[EventType "swiss"]
[EventRounds "9"]
[EventCountry "FRA"]
[SourceTitle "EXT 2016"]
[Source "ChessBase"]
[SourceDate "2015.10.08"]
[SourceVersion "1"]
[SourceVersionDate "2015.10.08"]
[SourceQuality "1"]

1. e4 c5 2. c4 Nc6 3. Ne2 g6 4. g3 Ne5 5. Bg2 Nd3+ 6. Kf1 Bg7 7. Nbc3 d6 8. Nf4 Nxf4 9. gxf4 h5 10. d3 e6 11. Be3 Ne7 12. Bh3 Nc6 13. Rg1 Nd4 14. Rg3 h4 15. Rg1 Bf6 16. Bxd4 Bxd4 17. f5 Bd7 18. fxe6 fxe6 19. Rxg6 Qe7 20. Nb5 0-0-0 21. Nxd4 cxd4 22. Qg4 Rdf8 23. Ke2 Rh7 24. Rg1 Rhf7 25. Rg2 Rf4 26. Qg5 Qf7 27. Bf5 Rxf5 28. exf5 exf5 29. Rg8 Kc7 30. Rxf8 Qxf8 31. Qg7 Qe8+ 32. Kd2 f4 33. Qxd4 f3 34. Rg7 Qe2+ 35. Kc3 Qe1+ 36. Kc2 Qe2+ 37. Kc1 Qe1+ 38. Kc2 Qe2+ 39. Kc3 Qe1+ 40. Kb3 Qd1+ 41. Kb4 a5+ 42. Kc3 Qc1+ 43. Kb3 Qd1+ 44. Kc3 1/2-1/2

[Event "EU-ch U12 23rd"]
[Site "Budva"]
[Date "2013.09.29"]
[Round "1"]
[White "Ariza, Thomas"]
[Black "Kozak, Adam"]
[Result "0-1"]
[WhiteElo "1775"]
[BlackElo "2195"]
[PlyCount "92"]
[EventDate "2013.09.29"]
[EventType "swiss"]
[EventRounds "9"]
[EventCountry "MNE"]
[SourceTitle "EXT 2014"]
[Source "ChessBase"]
[SourceDate "2013.11.20"]
[SourceVersion "1"]
[SourceVersionDate "2013.11.20"]
[SourceQuality "1"]

1. e4 e5 2. Nf3 Nc6 3. Bb5 a6 4. Ba4 Nf6 5. 0-0 Be7 6. c3 b5 7. Bb3 d6 8. h3 0-0 9. d4 Na5 10. Bc2 Nd7 11. Nbd2 c5 12. d5 Nb6 13. Re1 Bd7 14. b3 c4 15. b4 Nb7 16. Nf1 a5 17. Re3 axb4 18. cxb4 f5 19. exf5 Bxf5 20. Bxf5 Rxf5 21. Ng3 Rf8 22. Ne4 Qe8 23. Qd2 Ra6 24. Bb2 Na8 25. a3 Qg6 26. Rae1 Nc7 27. Nxe5 dxe5 28. Bxe5 Ne8 29. Rg3 Qh5 30. Qd4 Rg6 31. Qa7 Qxe5 32. Rxg6 hxg6 33. Qxb7 Nd6 34. Qc7 Rc8 35. Qd7 c3 36. f4 Qd4+ 37. Kh2 Nxe4 38. Qxc8+ Kh7 39. Qe6 Bd6 40. Qg4 Nf6 41. Qe2 Qxf4+ 42. Kg1 Qd4+ 43. Kh1 Qxd5 44. Rd1 Qe4 45. Qf2 Qf4 46. Qg1 Ne4 0-1

[Event "FRA-ch U12"]
[Site "Saint Paul Trois Chateaux"]
[Date "2013.05.05"]
[Round "8"]
[White "Ariza, Thomas"]
[Black "Meunier Pion, Jean"]
[Result "1-0"]
[WhiteElo "1742"]
[BlackElo "1647"]
[PlyCount "111"]
[EventDate "2013.04.28"]
[EventType "swiss"]
[EventRounds "9"]
[EventCountry "FRA"]
[SourceTitle "CBM 154 Extra"]
[Source "ChessBase"]
[SourceDate "2013.06.25"]
[SourceVersion "2"]
[SourceVersionDate "2013.06.25"]
[SourceQuality "1"]

1. g3 d5 2. Bg2 e5 3. d3 Nc6 4. Nf3 f6 5. 0-0 Be6 6. e4 dxe4 7. dxe4 Bc5 8. Qe2 Qe7 9. c3 Qf7 10. Nbd2 Nge7 11. Qb5 Bb6 12. b3 0-0 13. Ba3 Rfd8 14. Rfd1 Rd7 15. Qe2 Rad8 16. Nf1 Rxd1 17. Rxd1 Rxd1 18. Qxd1 g6 19. Qd2 a5 20. Ne3 Bxe3 21. Qxe3 Nc8 22. Nd2 Nd6 23. Bf1 f5 24. Bxd6 cxd6 25. Nc4 Qe7 26. Qd2 Bxc4 27. Bxc4+ Kg7 28. Qd5 fxe4 29. Qxe4 Qf8 30. Bb5 Qf5 31. Bxc6 bxc6 32. Qxc6 Qb1+ 33. Kg2 Qxa2 34. Qxd6 Qe2 35. Qe7+ Kg8 36. Qe6+ Kg7 37. Qd7+ Kf8 38. Qc8+ Kg7 39. Qb7+ Kg8 40. Qf3 Qb5 41. c4 Qb4 42. Qd5+ Kf8 43. c5 e4 44. c6 Qe7 45. Qd4 Kf7 46. Qc4+ Kg7 47. c7 Qf8 48. Qd4+ Kh6 49. Qe3+ g5 50. Qxe4 Qc8 51. Qc6+ Kg7 52. Qb6 Qa8+ 53. f3 Qe8 54. Qd4+ Kf7 55. Qd5+ Ke7 56. Qe5+ 1-0

[Event "FRA-ch U12"]
[Site "Saint Paul Trois Chateaux"]
[Date "2013.04.30"]
[Round "3"]
[White "Piacentini, Theo"]
[Black "Ariza, Thomas"]
[Result "0-1"]
[WhiteElo "1490"]
[BlackElo "1742"]
[PlyCount "32"]
[EventDate "2013.04.28"]
[EventType "swiss"]
[EventRounds "9"]
[EventCountry "FRA"]
[SourceTitle "CBM 154 Extra"]
[Source "ChessBase"]
[SourceDate "2013.06.25"]
[SourceVersion "2"]
[SourceVersionDate "2013.06.25"]
[SourceQuality "1"]

1. d4 Nf6 2. c4 c5 3. dxc5 Qa5+ 4. Nd2 Qxc5 5. e3 e6 6. b3 Qf5 7. Ngf3 Bb4 8. Bb2 0-0 9. Rc1 Ne4 10. Bd3 Bxd2+ 11. Ke2 Bxc1 12. Qxc1 b6 13. Bxe4 Qxe4 14. Qc3 Qg6 15. Nh4 Bb7 16. g3 Qg4+ 0-1

[Event "FRA-chT U20 GpB 1213"]
[Site "France"]
[Date "2013.01.05"]
[Round "6"]
[White "Ariza, Thomas"]
[Black "Vlachos, Anatole"]
[Result "1/2-1/2"]
[WhiteElo "1740"]
[BlackElo "1795"]
[PlyCount "104"]
[EventDate "2012.12.01"]
[EventType "team"]
[EventRounds "7"]
[EventCountry "FRA"]
[SourceTitle "EXT 2014"]
[Source "ChessBase"]
[SourceDate "2013.11.20"]
[SourceVersion "1"]
[SourceVersionDate "2013.11.20"]
[SourceQuality "1"]
[WhiteTeam "Bois Colombes (U20)"]
[BlackTeam "Lutece (U20)"]
[WhiteTeamCountry "FRA"]
[BlackTeamCountry "FRA"]

1. g3 e5 2. Bg2 d5 3. d3 c5 4. Nf3 Nc6 5. Nbd2 f5 6. 0-0 Nf6 7. c4 d4 8. Ne1 Be6 9. a3 Qc7 10. b4 cxb4 11. Qb3 bxa3 12. Bxa3 Bxa3 13. Rxa3 0-0 14. Nc2 a6 15. Nb4 Nxb4 16. Qxb4 Ra7 17. Rb1 Bc8 18. Ra5 Nd7 19. Rd5 Rf6 20. Qe7 b5 21. c5 Rf7 22. Qe8+ Rf8 23. Qe6+ Rf7 24. Rd6 Nxc5 25. Qe8+ Rf8 26. Bd5+ Ne6 27. Bxe6+ Bxe6 28. Qxe6+ Kh8 29. Rc6 Qa5 30. Rc8 Ra8 31. Nb3 Qa3 32. Rbc1 h6 33. Qxf5 Qxc1+ 34. Nxc1 Raxc8 35. Qxe5 Rxc1+ 36. Kg2 b4 37. Qxd4 a5 38. f4 b3 39. Qb2 Rb8 40. f5 Rc6 41. Qe5 Rbc8 42. Qb5 a4 43. Qxa4 b2 44. Qb3 Rc2 45. Kf3 Rd2 46. Qb7 Rc1 47. Qa8+ Kh7 48. Qe4 Rf1+ 49. Kg2 Rg1+ 50. Kf2 Rf1+ 51. Kg2 Rg1+ 52. Kf2 Rf1+ 1/2-1/2

[Event "FRA-ch U12"]
[Site "Nimes"]
[Date "2012.04.20"]
[Round "8"]
[White "Trouve, Guillaume"]
[Black "Ariza, Thomas"]
[Result "1-0"]
[WhiteElo "1751"]
[BlackElo "1679"]
[PlyCount "67"]
[EventDate "2012.04.14"]
[EventType "swiss"]
[EventRounds "9"]
[EventCountry "FRA"]
[SourceTitle "CBM 148 Extra"]
[Source "ChessBase"]
[SourceDate "2012.06.22"]
[SourceVersion "1"]
[SourceVersionDate "2012.06.22"]
[SourceQuality "1"]

1. e4 e6 2. d4 d5 3. Nc3 Nf6 4. Bg5 Be7 5. e5 Nfd7 6. Bxe7 Qxe7 7. f4 a6 8. Nf3 c5 9. dxc5 Qxc5 10. Qd2 Nc6 11. 0-0-0 b5 12. Kb1 Nb6 13. h4 b4 14. Ne2 Nc4 15. Qe1 a5 16. Ned4 Ba6 17. Nxc6 Qxc6 18. Nd4 Qb6 19. Qg3 Rg8 20. h5 0-0-0 21. f5 Kb7 22. fxe6 fxe6 23. Bxc4 Bxc4 24. Qg4 h6 25. Rh3 Rde8 26. Rf3 Qc7 27. Re1 Qe7 28. Qg6 Kb6 29. Rf7 Qg5 30. Rxg7 Rxg7 31. Qxe8 Qd2 32. Qxe6+ Kc5 33. Qd6+ Kxd4 34. Qb6# 1-0

[Event "FRA-chT U20 16 GP Basse 1011"]
[Site "France"]
[Date "2011.06.12"]
[Round "9"]
[White "Ariza, Thomas"]
[Black "Gillard, Martin"]
[Result "1-0"]
[WhiteElo "1645"]
[BlackElo "1260"]
[PlyCount "58"]
[EventDate "2010.06.20"]
[EventType "team-tourn"]
[EventRounds "11"]
[EventCountry "FRA"]
[SourceTitle "EXT 2015"]
[Source "ChessBase"]
[SourceDate "2014.11.20"]
[SourceVersion "1"]
[SourceVersionDate "2014.11.20"]
[SourceQuality "1"]
[WhiteTeam "Bois Colombes (U20)"]
[BlackTeam "Lyon (U20)"]
[WhiteTeamCountry "FRA"]
[BlackTeamCountry "FRA"]

1. e4 e5 2. Nf3 Nc6 3. Bc4 Nf6 4. Ng5 d5 5. exd5 Na5 6. Bb5+ c6 7. dxc6 bxc6 8. Be2 h6 9. Nf3 e4 10. Ng1 Bc5 11. d3 0-0 12. Be3 Bd4 13. Bxd4 Qxd4 14. Nc3 Bf5 15. dxe4 Qxd1+ 16. Rxd1 Nxe4 17. Bd3 Rfd8 18. Bxe4 Bxe4 19. Nxe4 Rxd1+ 20. Kxd1 Re8 21. Nc3 Rd8+ 22. Kc1 Nc4 23. Nf3 Rb8 24. b3 Nd6 25. Rd1 Nf5 26. Rd7 a5 27. Ne4 Rf8 28. Kb2 c5 29. Rd5 Rc8 1-0

[Event "FRA-chTB U20 1011"]
[Site "France"]
[Date "2010.12.19"]
[Round "6.7"]
[White "Trouve, Guillaume"]
[Black "Ariza, Thomas"]
[Result "0-1"]
[WhiteElo "1614"]
[BlackElo "1670"]
[PlyCount "83"]
[EventDate "2010.11.20"]
[EventType "team-tourn"]
[EventRounds "7"]
[EventCountry "FRA"]
[SourceTitle "EXT 2012"]
[Source "ChessBase"]
[SourceDate "2011.11.24"]
[SourceVersion "1"]
[SourceVersionDate "2011.11.24"]
[SourceQuality "1"]
[WhiteTeam "Sautron"]
[BlackTeam "Bois Colombes"]
[WhiteTeamCountry "FRA"]
[BlackTeamCountry "FRA"]

1. e4 e6 2. d4 d5 3. Nc3 Nf6 4. Bg5 Be7 5. e5 Nfd7 6. h4 c5 7. Qg4 Bxg5 8. hxg5 Nc6 9. Nb5 cxd4 10. Nd6+ Ke7 11. f4 Qa5+ 12. Kd1 Nc5 13. g6 fxg6 14. Qg5+ Kd7 15. Bd3 Nxd3 16. cxd3 b6 17. Nf3 Ba6 18. Ke2 Qb4 19. Rab1 Qa4 20. Rhc1 Nb4 21. Ne1 Qxa2 22. f5 exf5 23. Qd2 Qb3 24. Nf7 Rhf8 25. Ng5 h6 26. e6+ Ke7 27. Rc7+ Kf6 28. Ngf3 Rac8 29. Nxd4 Qa4 30. Rc3 Qa5 31. Ra3 Qc5 32. Nb3 Qd6 33. Nd4 Qe5+ 34. Qe3 Qxe3+ 35. Kxe3 Rfe8 36. Ra4 Bxd3 37. Nxd3 Nc2+ 38. Nxc2 Rxc2 39. Rxa7 Rxe6+ 40. Kf3 Rce2 41. Nb4 R6e3+ 42. Kf4 0-1

[Event "FRA-chTB U20 1011"]
[Site "France"]
[Date "2010.12.18"]
[Round "4.7"]
[White "Ek, Bora"]
[Black "Ariza, Thomas"]
[Result "0-1"]
[WhiteElo "1430"]
[BlackElo "1670"]
[PlyCount "51"]
[EventDate "2010.11.20"]
[EventType "team-tourn"]
[EventRounds "7"]
[EventCountry "FRA"]
[SourceTitle "EXT 2012"]
[Source "ChessBase"]
[SourceDate "2011.11.24"]
[SourceVersion "1"]
[SourceVersionDate "2011.11.24"]
[SourceQuality "1"]
[WhiteTeam "Villepinte"]
[BlackTeam "Bois Colombes"]
[WhiteTeamCountry "FRA"]
[BlackTeamCountry "FRA"]

1. e4 e6 2. d4 d5 3. e5 c5 4. c3 Nc6 5. Nf3 Qb6 6. a3 a5 7. Bd3 Bd7 8. Bc2 Nh6 9. 0-0 Nf5 10. Bxf5 exf5 11. dxc5 Bxc5 12. Qxd5 Be6 13. Qd2 h6 14. Qe2 0-0 15. Nbd2 Rfd8 16. h3 Rd7 17. Nh2 Rad8 18. Ndf3 Kh7 19. b4 axb4 20. axb4 Be7 21. Be3 Qc7 22. Nd4 Nxd4 23. Bxd4 Bxb4 24. Qe3 Ba5 25. Rxa5 Qxa5 26. Bb6 0-1